[Event "Oberhausen- Porz 2"]
[Site "?"]
[Date "2023.02.12"]
[Round "5.4"]
[White "Alkhazashvili, Ololi"]
[Black "Kagan, Dennis"]
[Result "1-0"]
[WhiteElo "2193"]
[BlackElo "2026"]
[PlyCount "117"]
[SourceVersionDate "2023.06.22"]

1. e4 c5 2. Nf3 d6 3. c3 Nf6 4. g3 Nbd7 5. d3 g6 6. Bg2 Bg7 7. O-O O-O 8. Re1
Re8 9. a4 e5 10. Na3 Nf8 11. Nc4 Qc7 12. h3 b6 13. Nfd2 Bb7 14. Ne3 Ne6 15. Nd5
Nxd5 16. exd5 Nf8 17. a5 b5 18. a6 Bc8 19. d4 cxd4 20. cxd4 Bf5 21. g4 Bc2 22.
Qe2 e4 23. Qxb5 f5 24. gxf5 gxf5 25. Qb4 Rab8 26. Qc3 Rec8 27. Qg3 Kh8 28. Nf1
Ng6 29. Qg5 Bxd4 30. Be3 Bxb2 31. Ra2 Qg7 32. Ng3 Bf6 33. Qxf5 Nh4 34. Qg4 Qxg4
35. hxg4 Nxg2 36. Kxg2 Bb3 37. Rd2 Bc3 38. Bd4+ Bxd4 39. Rxd4 Rb5 40. Nxe4 Bxd5
41. Kg3 Rb3+ 42. f3 Bxe4 43. Rdxe4 Rf8 44. Rf4 Rxf4 45. Kxf4 Ra3 46. Re8+ Kg7
47. Re7+ Kg6 48. Rxa7 Ra4+ 49. Ke3 h5 50. gxh5+ Kxh5 51. Ra8 Kg6 52. a7 Kg7 53.
Kd3 d5 54. Kc3 d4+ 55. Kd3 Kh7 56. f4 Kg7 57. f5 Kh7 58. f6 Kg6 59. Rg8+ 1-0

[Event "Oberhausen- Porz 2"]
[Site "?"]
[Date "2023.02.12"]
[Round "5.5"]
[White "Gallasch, Robin"]
[Black "Ciornei, Dragos"]
[Result "1-0"]
[WhiteElo "2043"]
[BlackElo "2113"]
[Annotator "daniel"]
[PlyCount "119"]
[SourceVersionDate "2023.06.22"]

1. d4 g6 2. c4 Nf6 3. Nc3 Bg7 4. Nf3 d6 5. e4 O-O 6. h3 e5 7. dxe5 dxe5 8. Be3
Nbd7 9. Be2 c6 10. O-O Re8 11. Qc2 Bf8 12. Rfd1 Qc7 13. Na4 b6 14. a3 Nc5 15.
Nc3 Nh5 16. b4 Ne6 17. Bf1 Nef4 18. Kh2 Bb7 19. g3 Ne6 20. h4 Rad8 21. Bh3 Bg7
22. Bxe6 Rxe6 23. c5 b5 24. Rxd8+ Qxd8 25. Rd1 Qb8 26. Rd7 Nf6 27. Rd3 Ng4+ 28.
Kg2 Nxe3+ 29. fxe3 Re8 30. Qd1 Bf8 31. h5 Bc8 32. Ng5 Be7 33. Nh3 Be6 34. Nf2
Qc8 35. Nd5 Bd8 36. Qf3 cxd5 37. exd5 e4 38. Nxe4 Bg4 39. Qf4 Qf5 40. Nd6 Qxf4
41. gxf4 Re7 42. hxg6 hxg6 43. Kf2 a6 44. c6 Bb6 45. Nb7 Bc8 46. Nd6 Bg4 47.
Nb7 $11 Bc8 48. Nd6 Bf5 49. Nxf5 gxf5 50. d6 Re8 51. c7 Ra8 52. Rc3 Bxc7 53.
dxc7 Rc8 54. Ke2 Kf8 55. Kd3 Ke7 56. Kd4 Kd6 57. Rc5 Ke6 58. Rc6+ Kd7 59. Kd5
f6 60. Rc3 1-0

[Event "Oberhausen- Porz 2"]
[Site "?"]
[Date "2023.02.12"]
[Round "5.6"]
[White "Nissen, Claus"]
[Black "Sabirov, Rafael"]
[Result "0-1"]
[WhiteElo "2205"]
[BlackElo "2039"]
[PlyCount "32"]
[SourceVersionDate "2023.06.22"]

1. d4 Nf6 2. Nf3 c5 3. d5 b5 4. a4 b4 5. c4 d6 6. g3 g6 7. Bg2 Bg7 8. O-O O-O
9. h3 Nbd7 10. Nbd2 Re8 11. e4 e6 12. dxe6 fxe6 13. Re1 Nh5 14. Nf1 Nb6 15. Bg5
Qd7 16. Qc2 Ba6 0-1

[Event "Oberhausen- Porz 2"]
[Site "?"]
[Date "2023.02.12"]
[Round "5.8"]
[White "Stefaniak, Christian"]
[Black "Spindler, Florian"]
[Result "1-0"]
[WhiteElo "2038"]
[BlackElo "1961"]
[PlyCount "93"]
[SourceVersionDate "2023.06.22"]

1. e4 c5 2. Nf3 d6 3. c3 Nf6 4. Bc4 Nc6 5. Qe2 Bg4 6. d3 g6 7. Nbd2 Bg7 8. h3
Bd7 9. Bb3 O-O 10. O-O Nh5 11. Nc4 b5 12. Na3 Rb8 13. Bd2 e5 14. Kh2 Kh8 15.
Ng1 f5 16. g3 Qc8 17. Bd1 Nf6 18. f3 d5 19. Nc2 Re8 20. a3 c4 21. exd5 cxd3 22.
Qxd3 e4 23. fxe4 fxe4 24. Qe2 Nxd5 25. Ne3 Nf6 26. Bc2 Ne5 27. Qg2 Bc6 28. Rad1
Nf3+ 29. Nxf3 exf3 30. Qf2 Nh5 31. Rg1 Qc7 32. Rde1 Rbd8 33. Nf1 Rxe1 34. Bxe1
Re8 35. Bd1 Rxe1 36. Qxe1 Be5 37. Qf2 Qf7 38. Nd2 Kg7 39. Nxf3 Bc7 40. Qd4+ Kg8
41. Ng5 Qa2 42. Qb4 Bd5 43. Bxh5 gxh5 44. Rf1 Bd6 45. Qxb5 h4 46. Qe8+ Kg7 47.
Qd7+ 1-0

[Event "Brackel 2- Bochum"]
[Site "?"]
[Date "2023.02.12"]
[Round "5.1"]
[White "Zatonskih, Anna"]
[Black "Stemmler, Fabian"]
[Result "1-0"]
[WhiteElo "2348"]
[BlackElo "2099"]
[PlyCount "167"]
[SourceVersionDate "2023.06.22"]

1. d4 d5 2. c4 c6 3. Nc3 Nf6 4. e3 e6 5. Nf3 Nbd7 6. b3 Bb4 7. Bd2 O-O 8. Be2
Qe7 9. O-O e5 10. dxe5 Nxe5 11. cxd5 Rd8 12. Qc2 Nxd5 13. Nxd5 Rxd5 14. Bxb4
Qxb4 15. Nxe5 Rxe5 16. Rfd1 Bf5 17. Bd3 Bxd3 18. Rxd3 Qc5 19. Qxc5 Rxc5 20. Rd7
b5 21. Rad1 g6 22. g4 Rc2 23. Rc7 Rxa2 24. Rdd7 Rf8 25. Rxc6 Ra3 26. Rb7 Rxb3
27. Rxa7 Rb4 28. h3 h6 29. Rb7 Kg7 30. Kg2 Rd8 31. Rcc7 Rf8 32. Rc5 Re8 33.
Rcxb5 Rxb5 34. Rxb5 Re6 35. Kg3 Rc6 36. h4 Rc1 37. f4 Rf1 38. h5 Rg1+ 39. Kf3
Rf1+ 40. Kg2 Re1 41. Kf2 Rc1 42. hxg6 Kxg6 43. Rb6+ Kg7 44. Kf3 Rc4 45. Rd6 Ra4
46. Rb6 Rc4 47. Rb3 Kg6 48. e4 Ra4 49. e5 Ra6 50. Rd3 Ra4 51. Ke3 Rb4 52. Rd4
Rb3+ 53. Ke4 Rg3 54. Rd6+ Kg7 55. Rd7 Rxg4 56. e6 Kf6 57. e7 Rg1 58. e8=N+ Ke6
59. Rd2 Ke7 60. Nc7 Kf6 61. Nd5+ Kg6 62. Ne7+ Kf6 63. Nf5 Re1+ 64. Ne3 h5 65.
Rd6+ Kg7 66. Kf3 Rg1 67. Nf5+ Kg8 68. Rh6 Rh1 69. Ng3 Rh2 70. Rxh5 Ra2 71. Rb5
Kg7 72. Rb6 Ra5 73. Kg4 Kh7 74. Nf5 Kg8 75. Kg5 Kh7 76. Rb7 Kg8 77. Rd7 Rb5 78.
Kf6 Ra5 79. Nh6+ Kh7 80. Nxf7 Ra8 81. Ng5+ Kh8 82. f5 Ra6+ 83. Ne6 Rb6 84. Kg6
1-0

[Event "Brackel 2- Bochum"]
[Site "?"]
[Date "2023.02.12"]
[Round "5.2"]
[White "Wensing, Maximilian"]
[Black "Friedmann, Rafael"]
[Result "1/2-1/2"]
[WhiteElo "2139"]
[BlackElo "2426"]
[Annotator "daniel"]
[PlyCount "74"]
[SourceVersionDate "2023.06.22"]

1. c4 c6 2. g3 d5 3. Nf3 Nf6 4. Bg2 Bf5 5. O-O e6 6. b3 h6 7. Bb2 Nbd7 8. d3
Be7 9. Nbd2 O-O 10. Ne5 Nxe5 11. Bxe5 Bg6 12. Nf3 Nd7 13. Bb2 Bf6 14. Qd2 Bxb2
15. Qxb2 a5 16. Rfc1 Bh5 17. a3 Qf6 18. Qxf6 Nxf6 19. Kf1 Bxf3 20. Bxf3 Rfc8
21. b4 axb4 22. axb4 Kf8 $11 23. Rxa8 Rxa8 24. b5 Rd8 25. e3 Ke7 26. d4 Kd7 27.
bxc6+ bxc6 28. Ra1 Rc8 29. c5 Ne8 30. Ra7+ Nc7 31. Rb7 Ra8 32. h4 Kc8 33. Rb6
Ra6 34. Rb2 Ra7 35. Be2 Rb7 36. Ra2 Kd7 37. Bd3 Ke7 1/2-1/2

[Event "Brackel 2- Bochum"]
[Site "?"]
[Date "2023.02.12"]
[Round "5.3"]
[White "Illner, Achim"]
[Black "Garbuz, Vitaliy"]
[Result "0-1"]
[WhiteElo "2458"]
[BlackElo "2138"]
[PlyCount "50"]
[SourceVersionDate "2023.06.22"]

1. d4 d5 2. c4 e6 3. Nf3 Nf6 4. Nc3 dxc4 5. Qa4+ c6 6. Qxc4 b5 7. Qd3 Nbd7 8.
e4 b4 9. Na4 Bb7 10. Be2 Qa5 11. b3 c5 12. e5 Ne4 13. Be3 cxd4 14. Bxd4 Be7 15.
Rc1 Bd5 16. Qa6 Qd8 17. O-O O-O 18. Rc2 f6 19. Bc4 fxe5 20. Nxe5 Nb8 21. Qxe6+
Bxe6 22. Bxe6+ Kh8 23. Rd1 Bf6 24. Nf7+ Rxf7 25. Bxf7 Na6 0-1

[Event "Brackel 2- Bochum"]
[Site "?"]
[Date "2023.02.12"]
[Round "5.4"]
[White "Elier, Ali"]
[Black "Heinbuch, Detlef"]
[Result "1/2-1/2"]
[WhiteElo "2174"]
[BlackElo "2256"]
[Annotator "daniel"]
[PlyCount "162"]
[SourceVersionDate "2023.06.22"]

1. e4 c5 2. d4 cxd4 3. c3 dxc3 4. Nxc3 Nc6 5. Nf3 d6 6. Bc4 e6 7. O-O Nf6 8.
Qe2 Be7 9. Rd1 e5 10. Be3 O-O 11. Rac1 Be6 12. b4 Ng4 13. Nd5 Bxd5 14. Bxd5
Nxe3 15. Qxe3 Nd4 16. Qd3 Nxf3+ 17. Qxf3 Qd7 18. Rc3 g6 19. Rdc1 Bd8 20. Bb3 a5
21. bxa5 Bxa5 22. Rd3 Kg7 23. Rcd1 Bb4 24. Qe3 Qe7 25. Qe2 Rac8 26. Rh3 Rc3 27.
Rxc3 Bxc3 28. Bd5 Bd4 29. g3 b6 30. Rd2 $11 Rc8 31. Rc2 Rc5 32. Kg2 Qc7 33.
Rxc5 dxc5 34. Qb5 Qd8 35. f3 h5 36. Qc6 Qg5 37. Qd7 Qf6 38. h4 Be3 39. a4 Bd4
40. Qe8 Be3 41. Bc4 g5 42. hxg5 Bxg5 43. Bd5 h4 44. gxh4 Bxh4 45. Qd7 Qf4 46.
Qg4+ Kf6 47. Kh3 Be1 48. Qxf4+ exf4 49. Kg2 Bh4 50. Kf1 Ke5 51. Bxf7 Kd4 52.
Ke2 Kc3 53. e5 Be7 54. e6 Kb3 55. Be8 c4 56. Kd1 c3 57. Bg6 Kxa4 58. Kc2 Kb4
59. Be4 b5 60. Bd5 Kc5 61. Bb3 Kd4 62. Ba2 Bf6 63. Bb3 Ke3 64. Bd5 b4 65. Be4
Kd4 66. Kb3 Be7 67. Bf5 Ke5 68. Bg4 Kd5 69. Bf5 Kd4 70. Bg4 Ke3 71. Kc2 Ke2 72.
Bh5 Bd8 73. Bg4 Bf6 74. Bh5 Ke3 75. Bg4 Be7 76. Bh5 Bf6 77. Bg4 Be7 78. Bh5 Bf6
79. Bg4 Be7 80. Bh5 Bf6 81. Bg4 Be7 1/2-1/2

[Event "Brackel 2- Bochum"]
[Site "?"]
[Date "2023.02.12"]
[Round "5.5"]
[White "Zozulia, Anna"]
[Black "Kracht, Raphael"]
[Result "1/2-1/2"]
[WhiteElo "2235"]
[BlackElo "2153"]
[PlyCount "62"]
[SourceVersionDate "2023.06.22"]

1. e4 e5 2. Nf3 Nc6 3. Bb5 Nf6 4. O-O Nxe4 5. d4 Nd6 6. Bxc6 dxc6 7. dxe5 Nf5
8. Qxd8+ Kxd8 9. Rd1+ Ke8 10. Nc3 Ne7 11. h3 Ng6 12. Bg5 Be7 13. Bxe7 Kxe7 14.
Ne4 b6 15. a4 a5 16. Ra3 Be6 17. Nd4 Bd7 18. Ng3 Nh4 19. Re3 c5 20. e6 cxd4 21.
Rxd4 Bxe6 22. Rxh4 g6 23. Ne2 c5 24. Nf4 Rad8 25. Nxe6 fxe6 26. Kf1 h5 27. Rhe4
Rd6 28. Rg3 Rg8 29. Ke2 Rd5 30. Rge3 Rd6 31. Rg3 Rd5 1/2-1/2

[Event "Brackel 2- Bochum"]
[Site "?"]
[Date "2023.02.12"]
[Round "5.6"]
[White "Gerlach, Felix"]
[Black "Zatonskih, Vitaly"]
[Result "0-1"]
[WhiteElo "2081"]
[BlackElo "2243"]
[PlyCount "66"]
[SourceVersionDate "2023.06.22"]

1. c4 e6 2. g3 d5 3. Bg2 Nf6 4. Nf3 Be7 5. O-O O-O 6. b3 c5 7. e3 Nc6 8. Bb2 d4
9. exd4 cxd4 10. Re1 Bc5 11. d3 Qc7 12. Nbd2 e5 13. h3 Bf5 14. a3 Bxd3 15. b4
e4 16. Ng5 e3 17. Nb3 exf2+ 18. Kxf2 Bc2 19. Qxc2 d3+ 20. Nxc5 dxc2 21. Bxf6
gxf6 22. Nge4 Kg7 23. Nc3 Rad8 24. Nd5 Qc8 25. Kg1 b6 26. Ne4 Rxd5 27. cxd5 Ne5
28. Nf2 Qc3 29. Rec1 Rc8 30. Be4 Qd2 31. d6 Rc3 32. Kg2 Nc4 33. d7 Qxd7 0-1

[Event "Brackel 2- Bochum"]
[Site "?"]
[Date "2023.02.12"]
[Round "5.7"]
[White "Kiese, Matthias"]
[Black "Kartsev, Nikolay"]
[Result "1-0"]
[WhiteElo "2149"]
[BlackElo "2078"]
[PlyCount "63"]
[SourceVersionDate "2023.06.22"]

1. d4 e6 2. Nf3 f5 3. g3 Nf6 4. Bg2 Be7 5. O-O O-O 6. c4 d6 7. b3 a5 8. Bb2 a4
9. Nc3 a3 10. Bc1 Ne4 11. Qc2 Nxc3 12. Qxc3 c5 13. Be3 Bf6 14. Rad1 Nc6 15. Qd2
Qe7 16. d5 Nb4 17. dxe6 Qxe6 18. Ne1 Qe7 19. Nd3 Nxd3 20. Qxd3 Ra6 21. Bf4 Be5
22. Qe3 Re8 23. Rd2 Qf8 24. Rfd1 h6 25. Bxe5 Rxe5 26. Qxe5 dxe5 27. Rd8 Rf6 28.
R1d5 e4 29. f3 exf3 30. Bxf3 b6 31. Rxf8+ Rxf8 32. Rd6 1-0

[Event "Brackel 2- Bochum"]
[Site "?"]
[Date "2023.02.12"]
[Round "5.8"]
[White "Bartelt, Max"]
[Black "Pewny, Uwe"]
[Result "0-1"]
[WhiteElo "2048"]
[BlackElo "2213"]
[PlyCount "120"]
[SourceVersionDate "2023.06.22"]

1. d4 d6 2. Nf3 g6 3. g3 Bg7 4. Bg2 Nf6 5. O-O O-O 6. c4 c6 7. Nc3 a6 8. b3 b5
9. cxb5 axb5 10. Bb2 b4 11. Na4 Ba6 12. Qd2 Bb5 13. a3 bxa3 14. Rxa3 Nbd7 15.
Rfa1 Qc7 16. Qc2 Qb7 17. Nd2 Rfc8 18. e4 Ne8 19. Nc4 d5 20. Ne5 Bxa4 21. Rxa4
Rxa4 22. Rxa4 Nxe5 23. dxe5 e6 24. h3 Nc7 25. exd5 Nxd5 26. Bd4 Bf8 27. Rc4 Qb5
28. Bf1 Kg7 29. Ra4 Qb8 30. Rc4 Qb7 31. h4 h5 32. Be2 Rb8 33. Kg2 c5 34. Bf3
cxd4 35. Rxd4 Qxb3 36. Qe4 Rb4 37. Rxb4 Qxb4 38. Qc2 Qd4 39. Qe2 Bc5 40. Kg1
Nc3 41. Qe1 Qd3 42. Kg2 Bd4 43. Bb7 Qb5 44. Bf3 Qxe5 45. Qxe5+ Bxe5 46. Bc6 Nd5
47. Kf3 f5 48. Bd7 Kf6 49. Be8 Bd4 50. Bc6 Nc3 51. Bb7 Nd1 52. Ba6 Nxf2 53. Bc4
e5 54. Bb5 e4+ 55. Ke2 Nh1 56. g4 hxg4 57. Bc6 Ng3+ 58. Ke1 Nh5 59. Bb5 Be5 60.
Kf1 Bg3 0-1

[Event "Elberfeld- Sodingen"]
[Site "?"]
[Date "2023.02.12"]
[Round "5.1"]
[White "Boehnke, Martin"]
[Black "Odendahl, Reiner"]
[Result "1/2-1/2"]
[WhiteElo "2161"]
[BlackElo "2306"]
[PlyCount "66"]
[SourceVersionDate "2023.06.22"]

1. d4 d6 2. Nf3 g6 3. g3 Bg7 4. Bg2 Nf6 5. c4 O-O 6. O-O c6 7. Nc3 Bf5 8. Ne1
Be6 9. b3 d5 10. cxd5 Nxd5 11. Nxd5 cxd5 12. Bf4 Nc6 13. e3 f6 14. g4 Qd7 15.
g5 Bh3 16. gxf6 Bxf6 17. Nd3 Bxg2 18. Kxg2 Qf5 19. Bg3 Qe4+ 20. Kg1 Bxd4 21.
exd4 Nxd4 22. f4 Rac8 23. Rf2 Rc3 24. Ne1 Re3 25. Ng2 Ne2+ 26. Kf1 Nxg3+ 27.
hxg3 Rxg3 28. Qe2 Rxg2 29. Rxg2 Rxf4+ 30. Ke1 Qb4+ 31. Qd2 Qe4+ 32. Qe2 Qb4+
33. Qd2 Qe4+ 1/2-1/2

[Event "Elberfeld- Sodingen"]
[Site "?"]
[Date "2023.02.12"]
[Round "5.2"]
[White "Volkov, Mykyta"]
[Black "Waldschmidt, Georg"]
[Result "1-0"]
[WhiteElo "2251"]
[BlackElo "2186"]
[PlyCount "61"]
[SourceVersionDate "2023.06.22"]

1. d4 d5 2. c4 e6 3. Nc3 Be7 4. cxd5 exd5 5. Bf4 c6 6. e3 Bf5 7. Nge2 Nd7 8. h4
Bxh4 9. Qb3 Nb6 10. a4 Bc8 11. a5 Nd7 12. e4 dxe4 13. Nxe4 Be7 14. N2c3 Ndf6
15. Ng5 Nd5 16. Nxd5 Bxg5 17. Nc7+ Kf8 18. Bg3 Qe7+ 19. Be2 Bg4 20. O-O Bxe2
21. Nxa8 Bxf1 22. Kxf1 Qd7 23. a6 b5 24. Nc7 Bd8 25. Qb4+ Be7 26. Qc3 h5 27. d5
Rh6 28. Rd1 Bd6 29. Ne6+ Ke7 30. dxc6 Qxe6 31. Bxd6+ 1-0

[Event "Elberfeld- Sodingen"]
[Site "?"]
[Date "2023.02.12"]
[Round "5.3"]
[White "Werrn, Pascal"]
[Black "Dresen, Ulrich"]
[Result "1/2-1/2"]
[WhiteElo "2081"]
[BlackElo "2173"]
[PlyCount "34"]
[SourceVersionDate "2023.06.22"]

1. Nf3 d5 2. d4 Nf6 3. Bf4 c5 4. e3 Nc6 5. Nbd2 cxd4 6. exd4 Bf5 7. c4 dxc4 8.
Bxc4 e6 9. Qb3 Bb4 10. Ne5 O-O 11. Nxc6 Bxd2+ 12. Bxd2 bxc6 13. Be3 Qd6 14. O-O
Rab8 15. Qc3 Nd5 16. Bxd5 cxd5 17. Rfe1 Qa6 1/2-1/2

[Event "Elberfeld- Sodingen"]
[Site "?"]
[Date "2023.02.12"]
[Round "5.4"]
[White "Hintze, Helge"]
[Black "Becker, Joerg"]
[Result "1/2-1/2"]
[WhiteElo "2248"]
[BlackElo "2195"]
[PlyCount "142"]
[SourceVersionDate "2023.06.22"]

1. c4 e5 2. g3 Nc6 3. Bg2 Nf6 4. Nf3 d5 5. cxd5 Nxd5 6. O-O Be7 7. d4 exd4 8.
Nxd4 Nxd4 9. Qxd4 Nf6 10. Qa4+ Qd7 11. Qb3 c6 12. e4 O-O 13. Nc3 Qe6 14. Qc2
Rd8 15. h3 Qc4 16. Be3 Be6 17. Rfd1 h6 18. b3 Qb4 19. Na4 Nd7 20. Rd4 Qa5 21.
Rad1 Rac8 22. Qd2 Qxd2 23. R4xd2 b5 24. Nc5 Nxc5 25. Rxd8+ Rxd8 26. Rxd8+ Bxd8
27. Bxc5 Bb6 28. Bxb6 axb6 29. f4 f6 30. e5 c5 31. exf6 gxf6 32. Bf1 c4 33. Kf2
c3 34. Ke3 b4 35. g4 Kf8 36. Be2 f5 37. Kd3 Bc8 38. Bf3 Ba6+ 39. Kc2 Bf1 40. h4
fxg4 41. Bxg4 Bg2 42. Bf5 Ke7 43. a3 Kf6 44. Bd3 bxa3 45. Kxc3 Bh3 46. b4 Be6
47. Be4 Ke7 48. Bd3 Bd5 49. Bc2 Kd6 50. Bg6 a2 51. Kb2 Bc4 52. Be4 Bf7 53. Ka1
Ke7 54. Kb2 Kf6 55. Bc2 Bd5 56. Bh7 Ke7 57. Bc2 Kd6 58. Bd3 Kc6 59. Bg6 Kb5 60.
f5 Kc6 61. h5 Kd6 62. Ka1 Ke7 63. Kb2 Kf6 64. Ka1 b5 65. Kb2 Bc4 66. Ka1 Kg5
67. Kb2 Be2 68. f6 Kxf6 69. Kxa2 Kg5 70. Be8 Bxh5 71. Bxb5 Bf3 1/2-1/2

[Event "Elberfeld- Sodingen"]
[Site "?"]
[Date "2023.02.12"]
[Round "5.5"]
[White "Banik, Thorsten"]
[Black "Boos, Markus"]
[Result "1-0"]
[WhiteElo "2105"]
[BlackElo "2141"]
[PlyCount "129"]
[SourceVersionDate "2023.06.22"]

1. d4 Nf6 2. Bg5 c5 3. d5 Ne4 4. h4 h6 5. Bf4 e6 6. f3 Bd6 7. Bxd6 Nxd6 8. e4
e5 9. Qd2 f5 10. Qc3 Qf6 11. exf5 Nxf5 12. Qxc5 Na6 13. Bxa6 Qxa6 14. Nc3 Qg6
15. Qf2 O-O 16. O-O-O Nd4 17. Rd2 b5 18. Nge2 b4 19. Ne4 Qxe4 20. Nxd4 Qxd5 21.
Nb3 Qe6 22. Qc5 Bb7 23. Re1 Rfe8 24. Qxb4 Bc6 25. Qd6 Qc4 26. Kb1 Re6 27. Qc5
Qxh4 28. Rxe5 Rae8 29. Rxe6 Qh1+ 30. Nc1 Rxe6 31. c3 Re1 32. Rc2 h5 33. b3 h4
34. Kb2 h3 35. gxh3 Bxf3 36. Nd3 Rb1+ 37. Ka3 Qd1 38. Qc4+ Kh7 39. Qh4+ Kg8 40.
Qc4+ Kh7 41. Rf2 Bh5 42. Qh4 Qxd3 43. Qxh5+ Kg8 44. Qf7+ Kh7 45. Qf5+ Qxf5 46.
Rxf5 Rd1 47. Rh5+ Kg6 48. Ra5 Rd3 49. Rxa7 Rxc3 50. Rxd7 Rxh3 51. Ka4 Kf6 52.
Rd6+ Kf5 53. b4 g5 54. b5 g4 55. b6 g3 56. Rd1 Rh2 57. a3 Rb2 58. Ka5 g2 59. a4
Ke6 60. Ka6 Rd2 61. Rg1 Ra2 62. a5 Kd7 63. b7 Kc7 64. Rc1+ Kb8 65. Rc8# 1-0

[Event "Elberfeld- Sodingen"]
[Site "?"]
[Date "2023.02.12"]
[Round "5.6"]
[White "Kurr, Gerd"]
[Black "Mueller, Frank"]
[Result "1/2-1/2"]
[WhiteElo "2216"]
[BlackElo "1957"]
[PlyCount "40"]
[SourceVersionDate "2023.06.22"]

1. d4 Nf6 2. Nf3 g6 3. c4 Bg7 4. Nc3 d5 5. cxd5 Nxd5 6. e4 Nxc3 7. bxc3 c5 8.
Bb5+ Nc6 9. O-O cxd4 10. Nxd4 Bd7 11. Nxc6 Bxc6 12. Bxc6+ bxc6 13. Qa4 O-O 14.
Rd1 Qc7 15. Be3 Bxc3 16. Rac1 Qa5 17. Qxa5 Bxa5 18. Rxc6 Bb6 19. Bxb6 axb6 20.
Rxb6 Rxa2 1/2-1/2

[Event "Elberfeld- Sodingen"]
[Site "?"]
[Date "2023.02.12"]
[Round "5.8"]
[White "Tymura, Achim"]
[Black "Foerster, Wolfgang"]
[Result "1-0"]
[WhiteElo "2049"]
[BlackElo "1997"]
[PlyCount "113"]
[SourceVersionDate "2023.06.22"]

1. d4 c5 2. Nf3 cxd4 3. Nxd4 Nf6 4. c4 g6 5. Nc3 Bg7 6. e4 d6 7. Be2 O-O 8. Be3
Nc6 9. O-O Nxd4 10. Bxd4 Bd7 11. Qd2 Bc6 12. f3 b6 13. Rac1 Qd7 14. Nd5 Bxd5
15. cxd5 Rac8 16. b3 e6 17. dxe6 fxe6 18. Ba6 Rxc1 19. Rxc1 d5 20. exd5 Nxd5
21. Bxg7 Qxg7 22. Re1 Qf6 23. Bc4 Rd8 24. Qe2 Kf7 25. Qe4 Rd6 26. h3 Qf5 27.
Qxf5+ gxf5 28. Rd1 Kf6 29. f4 b5 30. Bxb5 Rb6 31. Bc4 Nxf4 32. Rd7 h5 33. Rxa7
Rd6 34. Ra6 Rd2 35. g3 Nxh3+ 36. Kf1 Ng5 37. a4 Rb2 38. a5 Ne4 39. Rxe6+ Kg5
40. a6 Nd2+ 41. Kg1 Nf3+ 42. Kf1 Nd2+ 43. Ke1 Nxc4 44. bxc4 Ra2 45. Rb6 Ra5 46.
Kd2 h4 47. gxh4+ Kxh4 48. Ke3 Kg5 49. Kd4 Kg4 50. c5 f4 51. c6 Ra4+ 52. Kd5 f3
53. c7 Ra5+ 54. Kd6 f2 55. c8=Q+ Kg3 56. Rb3+ Kg2 57. Qh3+ 1-0

[Event "Lippstadt- Godesberg"]
[Site "?"]
[Date "2023.02.12"]
[Round "5.1"]
[White "Koehler, Christian"]
[Black "Hecht, Carsten"]
[Result "1-0"]
[WhiteElo "2176"]
[BlackElo "2320"]
[PlyCount "77"]
[SourceVersionDate "2023.06.22"]

1. Nf3 Nf6 2. c4 c5 3. Nc3 d5 4. cxd5 Nxd5 5. d4 Nxc3 6. bxc3 g6 7. h4 h5 8.
Bf4 Bg7 9. Be5 Bxe5 10. Nxe5 Nd7 11. Nxd7 Bxd7 12. e4 O-O 13. Be2 Qa5 14. Qd2
Rad8 15. d5 e6 16. d6 Bb5 17. Rd1 Bxe2 18. Kxe2 Qa6+ 19. Ke3 f5 20. f3 fxe4 21.
fxe4 Rf7 22. Rh3 Rfd7 23. e5 Rf8 24. Rf3 Qc4 25. Qd3 Qg4 26. Qe4 Rf5 27. Qxg4
hxg4 28. Rxf5 gxf5 29. Kf4 Kf7 30. Kg5 Rd8 31. g3 Rg8+ 32. Kf4 Ke8 33. d7+ Kd8
34. h5 Rg7 35. Rd6 b5 36. Ra6 Rxd7 37. Rd6 b4 38. cxb4 c4 39. h6 1-0

[Event "Lippstadt- Godesberg"]
[Site "?"]
[Date "2023.02.12"]
[Round "5.2"]
[White "Wagner, Alexej"]
[Black "Seger, Ruediger"]
[Result "1/2-1/2"]
[WhiteElo "2272"]
[BlackElo "2263"]
[PlyCount "59"]
[SourceVersionDate "2023.06.22"]

1. d4 Nf6 2. c4 g6 3. Nc3 d5 4. cxd5 Nxd5 5. e4 Nxc3 6. bxc3 Bg7 7. Bc4 c5 8.
Ne2 Nc6 9. Be3 cxd4 10. cxd4 Qa5+ 11. Bd2 Qh5 12. Bc3 Qg4 13. Ng3 Qxd1+ 14.
Rxd1 O-O 15. O-O b6 16. Bb5 Bb7 17. Ne2 a6 18. Bxc6 Bxc6 19. d5 Bb5 20. Bxg7
Kxg7 21. Rfe1 Bxe2 22. Rxe2 Rac8 23. f4 Rc4 24. g3 Rfc8 25. e5 b5 26. d6 Rc1
27. Red2 exd6 28. exd6 Rxd1+ 29. Rxd1 Rd8 30. d7 1/2-1/2

[Event "Lippstadt- Godesberg"]
[Site "?"]
[Date "2023.02.12"]
[Round "5.3"]
[White "Rybarczyk, Klaus"]
[Black "Bessou, Hussain"]
[Result "0-1"]
[WhiteElo "2165"]
[BlackElo "2343"]
[PlyCount "132"]
[SourceVersionDate "2023.06.22"]

1. Nf3 d5 2. c4 d4 3. b4 f6 4. Na3 e5 5. Nc2 c5 6. bxc5 Bxc5 7. d3 Ne7 8. g3
O-O 9. Bg2 Nec6 10. O-O Na6 11. Rb1 Be7 12. Bd2 Rb8 13. a3 Be6 14. Nb4 Naxb4
15. Bxb4 Nxb4 16. axb4 b5 17. cxb5 Rxb5 18. Qa4 Qb6 19. Ra1 Bxb4 20. Qxa7 Bc3
21. Qxb6 Rxb6 22. Rab1 Rfb8 23. Rxb6 Rxb6 24. Kh1 Rb2 25. Ng1 Kf8 26. f4 exf4
27. Rxf4 Ke7 28. h3 g5 29. Rf1 Bd2 30. Ra1 Ba2 31. Be4 h6 32. g4 Be3 33. Bf3
Ke6 34. Kg2 f5 35. gxf5+ Kxf5 36. Rf1 Ke5 37. Ra1 Be6 38. Kg3 Bf4+ 39. Kg2 Ba2
40. Kf2 Rc2 41. Kg2 Bc1 42. Kg3 Kd6 43. Bg4 Kc5 44. Nf3 Bf4+ 45. Kf2 Be3+ 46.
Kf1 Kb4 47. Ne1 Rb2 48. Ng2 Bd2 49. Kf2 Kc3 50. Rh1 Bf7 51. Ra1 h5 52. Bf3 Rb6
53. Ra7 Rf6 54. Rc7+ Kb4 55. Kg3 h4+ 56. Kh2 Kb5 57. Rc8 Be6 58. Rc7 Bb4 59.
Rc1 Bd6+ 60. Kg1 Bxh3 61. Rb1+ Kc5 62. Rc1+ Kb6 63. Ne1 g4 64. Bg2 Bxg2 65.
Kxg2 h3+ 66. Kg1 h2+ 0-1

[Event "Lippstadt- Godesberg"]
[Site "?"]
[Date "2023.02.12"]
[Round "5.4"]
[White "Tran, Duc Cuong"]
[Black "Broehl, Stephan"]
[Result "1/2-1/2"]
[WhiteElo "2076"]
[BlackElo "2128"]
[PlyCount "137"]
[SourceVersionDate "2023.06.22"]

1. d4 d5 2. Bf4 Nf6 3. e3 c5 4. c3 Nc6 5. Nd2 Bf5 6. Qb3 Qd7 7. Ngf3 c4 8. Qd1
e6 9. Nh4 Bd6 10. Nxf5 exf5 11. Qf3 Bxf4 12. Qxf4 O-O 13. Be2 Rfe8 14. O-O Ne4
15. Nxe4 Rxe4 16. Qf3 Rae8 17. Bd1 g6 18. Bc2 R4e7 19. b3 b5 20. bxc4 bxc4 21.
Rfb1 Qd6 22. Ba4 Rb8 23. Qg3 Qxg3 24. hxg3 Rc7 25. Bxc6 Rxb1+ 26. Rxb1 Rxc6 27.
Rb8+ Kg7 28. Rd8 Ra6 29. Rxd5 Rxa2 30. Rc5 Ra1+ 31. Kh2 Ra4 32. f3 Kf6 33. g4
fxg4 34. fxg4 h6 35. Kg3 Ke6 36. Kf3 Kd6 37. Ke4 Ra2 38. Kf3 Ra4 39. e4 f6 40.
Ke3 a5 41. g3 g5 42. Kf3 Ra1 43. Rxc4 a4 44. Kg2 a3 45. Ra4 a2 46. Ra6+ Ke7 47.
d5 Re1 48. Rxa2 Rxe4 49. Ra7+ Kd6 50. Ra6+ Kxd5 51. Rxf6 Rxg4 52. Rxh6 Rc4 53.
Rh5 Rxc3 54. Rxg5+ Ke6 55. Ra5 Kf6 56. Kh3 Rc6 57. Kh4 Kg6 58. Ra8 Rc4+ 59. g4
Rc6 60. Rg8+ Kh7 61. Rg5 Rc7 62. Ra5 Rb7 63. Kg5 Rc7 64. Ra6 Rg7+ 65. Kf5 Rf7+
66. Kg5 Rg7+ 67. Kh5 Rb7 68. g5 Rc7 69. Rb6 1/2-1/2

[Event "Lippstadt- Godesberg"]
[Site "?"]
[Date "2023.02.12"]
[Round "5.5"]
[White "Kutzner, Stephen"]
[Black "Fecke, Andreas"]
[Result "1/2-1/2"]
[WhiteElo "2048"]
[BlackElo "2123"]
[PlyCount "66"]
[SourceVersionDate "2023.06.22"]

1. d4 d6 2. e4 Nf6 3. Nc3 e5 4. Nf3 exd4 5. Nxd4 Be7 6. Bf4 O-O 7. Qd2 a6 8. a4
Nc6 9. O-O-O Nb4 10. f3 d5 11. Nf5 Bxf5 12. exf5 c5 13. g4 d4 14. Ne4 Qd5 15.
b3 b5 16. g5 Nxe4 17. fxe4 Qxe4 18. f6 gxf6 19. gxf6 Bxf6 20. Bg2 Qf5 21. Rhg1
Kh8 22. Rdf1 d3 23. c3 Qe6 24. cxb4 Qxb3 25. Bxa8 cxb4 26. Bb7 Qa3+ 27. Kd1 Re8
28. Be3 Qb3+ 29. Kc1 Rxe3 30. Rxf6 Re2 31. Rd6 Qc4+ 32. Kb1 Qb3+ 33. Kc1 Qa3+
1/2-1/2

[Event "Lippstadt- Godesberg"]
[Site "?"]
[Date "2023.02.12"]
[Round "5.6"]
[White "Kuehler, Andreas"]
[Black "Wecker, Martin"]
[Result "0-1"]
[WhiteElo "2006"]
[BlackElo "2138"]
[Annotator "daniel"]
[PlyCount "94"]
[SourceVersionDate "2023.06.22"]

1. d4 Nf6 2. c4 e6 3. Nf3 d5 4. Nc3 Bb4 5. Qa4+ Nc6 6. e3 O-O 7. Bd2 dxc4 8.
Bxc4 Bd6 9. O-O e5 10. dxe5 Nxe5 11. Nxe5 Bxe5 12. Rad1 Bd6 13. Be2 Bd7 14. Qh4
Ng4 15. Qxd8 Raxd8 16. h3 Nf6 17. Bf3 $11 c6 18. e4 Be6 19. Be3 Bb8 20. b3 h6
21. Rfe1 Rfe8 22. Rxd8 Rxd8 23. Rd1 Rxd1+ 24. Nxd1 a5 25. Nc3 Bc7 26. Kf1 Nd7
27. Ke2 b5 28. Kd2 Nb6 29. Bd4 b4 30. Nd1 a4 31. Kc2 axb3+ 32. axb3 Nd7 33. Nb2
c5 34. Be3 Bd6 35. Be2 f5 36. Bc4 Bxc4 37. Nxc4 f4 38. Bc1 Bc7 39. Bb2 Kf7 40.
Kd3 g5 $11 41. e5 Ke6 42. Ke4 Bb8 43. h4 Bc7 44. hxg5 hxg5 45. g3 fxg3 46. fxg3
Bb8 47. Nd6 Nxe5 0-1